| 000 | 00854nam a2200241 4500 | ||
|---|---|---|---|
| 003 | OSt | ||
| 005 | 20260530115303.0 | ||
| 008 | 260420b2016 spaa|||| |||| 00| 0 spa d | ||
| 040 |
_aICI _bspa _cICI |
||
| 050 |
_aTA418.59 _bH47 |
||
| 100 | 1 |
_aHernández Moreno, Silverio, _931509 |
|
| 245 | 1 | 0 |
_aSelección y diseño sustentable de materiales de construcción / _cSilverio Hernández Moreno |
| 246 | 0 | 0 | _aDiseño sustentable de materiales de construcción |
| 264 | 1 |
_bEditorial Trillas, _c2016 _aMéxico, D.F. : |
|
| 300 |
_a112 páginas _bilustraciones |
||
| 336 |
_atexto _2rdacontent |
||
| 337 |
_asin medio _2rdamedia |
||
| 338 |
_avolumen _2rdacarrier |
||
| 650 | 4 |
_aMateriales de construcción _xAspectos ambientales _931510 |
|
| 650 | 4 |
_aMateriales _xEfectos del ambiente especial sobre _931511 |
|
| 650 | 4 | _aDiseño sustentable | |
| 942 |
_2lcc _cBK |
||
| 999 |
_c12949 _d12949 |
||